• 首页
  • 本馆介绍
  • 公告通知
  • 最新文献
  • 馆藏检索
  • 电子资源
  • 读者导购
  • 参考咨询
  • 我的图书馆
  • 登录
  • 详细信息显示
  • 放入我的书架
  • 预约/预借图书
  • 作者相关作品
  • 分类相关作品
  • 丛书相关作品
  • 出版社相关作品

书目信息

  • 表格格式
  • 工作单格式
  • 卡片格式
题名:
犹太文化
    
 
作者: 张倩红 , 艾仁贵 著
分册:  
出版信息: 北京   人民出版社  2013
页数: 400页
开本: 24cm
丛书名:
单 册:
中图分类: K18
科图分类:
主题词: 犹太人--民族文化--文化史--研究 , 犹太人 , 民族文化 , 文化史
电子资源:
ISBN: 978-7-01-011993-9
000 00997nam0 2200301 450
001 523
005 20140910105413.01
010    @a978-7-01-011993-9@dCNY59.00
100    @a20130528d2013 em y0chiy50 ea
101 0  @achi
102    @aCN@b110000
105    @ay z 000yy
106    @ar
200 1  @a犹太文化@dJewish culture@f张倩红,艾仁贵著@zeng
210    @a北京@c人民出版社@d2013
215    @a400页@d24cm
300    @a国家社科基金后期资助项目
330    @a本书对犹太文化的整个发展历程与主要分布地域进行理性的思考与全盘的求索,从中探知犹太历史所昭示的精神启迪与犹太文化所蕴含的潜在动力。全书分为8章,内容包括:犹太文化的核心内涵、希伯来元典文化的创制与发展、大流散时期犹太文化的内化与辐散等。
510 1  @aJewish culture@zeng
606 0  @a犹太人@x民族文化@x文化史@x研究
606 0  @a犹太人
606 0  @a民族文化
606 0  @a文化史
690    @aK18@v5
701  0 @a张倩红@4著
701  0 @a艾仁贵@4著
801  0 @aCN@bTANGWEI@c20140603
905    @b0841784-86@dK18@e205@f3
    
    犹太文化=Jewish culture/张倩红,艾仁贵著.-北京:人民出版社,2013
    400页;24cm
    国家社科基金后期资助项目
    
    ISBN 978-7-01-011993-9:CNY59.00
    本书对犹太文化的整个发展历程与主要分布地域进行理性的思考与全盘的求索,从中探知犹太历史所昭示的精神启迪与犹太文化所蕴含的潜在动力。全书分为8章,内容包括:犹太文化的核心内涵、希伯来元典文化的创制与发展、大流散时期犹太文化的内化与辐散等。
●
相关链接 在E读中查询图书 在五车中查询图书 在当当中查询图书 在豆瓣中查询图书


正题名:犹太文化     索取号:K18/205         预约/预借

序号 登录号 条形码 馆藏地/架位号 状态 备注
1 0841784   208417845   第二样本阅览室/ [索取号:K18/205] 在馆    
2 0841785   208417854   第二借阅区/ [索取号:K18/205] 在馆    
3 0841786   208417863   第二借阅区/ [索取号:K18/205] 在馆    
唐山师范学院图书馆 欢迎您!
大连网信软件有限公司© 版权所有